| 000 | 00430cam a22001697 4500 | ||
|---|---|---|---|
| 001 | ltf91050583 | ||
| 003 | DLC | ||
| 005 | 20260227111553.0 | ||
| 008 | 910524s1950 gw 000 0 ger | ||
| 010 | _altf91050583 | ||
| 040 |
_aDLC _cDLC _dDLC |
||
| 050 | 0 | 0 | _a4PN 122 |
| 100 | 1 | _aGarvens, Erwin. | |
| 245 | 1 | 4 |
_aDer fröhliche Jungfernstieg; _cHaburger Anekdoten. |
| 260 |
_aKöln, _bG. Kiepenheuer _c[1950] |
||
| 300 | _a162 p. | ||
| 999 |
_c37610 _d37610 |
||